Responses for Show #3174 - Thursday, May 21, 1998

Contestants

[<< previous game]

Bob Cameron, a computer operator from Columbia Station, Ohio

Kathy Lester, a claims processing manager from Virginia Beach, Virginia

Louis Cohen, a language teacher from Waterford, Connecticut (whose 1-day cash winnings total $10,401)

[next game >>]

Jeopardy! Round responses

BLACK AMERICANS
NONFICTION
PIG-OUT
SPORTS
CANADIAN CITIES
REPORTERS' QUESTIONS
    $100 1
Colin Powell

Bob
    $100 19
Dogbert

Bob
    $100 9
Pig Latin

Kathy
    $100 2
Boston Celtics

Bob
    $100 11
(Bob: What is Quebec?)

Montreal

LouisBob
    $100 15
A Who

Bob
    $200 5
Rosa Parks

Louis
    $200 20
Mother Teresa

Bob
    $200 10
Miss Piggy

Louis
    $200 3
Hockey

Bob
    $200 12
Edmonton

Louis
    $200 26
When

Kathy
    $300 6
Maya Angelou

Louis
    $700 21
Princess Diana

Bob
    $300 23
Pig-Pen

Bob
    $300 4
Reggie Jackson

Louis
    $300 13
Vancouver

Louis
    $300 27
What

Kathy
    $400 7
Montel Williams

Louis
    $400 22
Mount Everest

Kathy
    $400 24
Arnold

Bob
    $400 16
Golf

Kathy
    $400 14
Yukon Territory

Kathy
    $400 28
Where

Bob
    $500 8
Alexis Herman

Kathy
    $500 30
Cal Ripken, Jr.

Louis
    $500 25
Pigs have wings

Bob
    $500 17
Steve Young

Louis
    $500 18
Toronto

Louis
    $500 29
"Why"

Triple Stumper

Scores at the first commercial break (after clue 15):

Louis Kathy Bob
$2,000 $1,000 $400

Scores at the end of the Jeopardy! Round:

Louis Kathy Bob
$3,500 $2,300 $3,000

Double Jeopardy! Round responses

19th CENTURY AMERICA
FIRST NAMES
A RIVER RUNS THROUGH IT
MOVIE STARS
WE GOT GOOD CHEMISTRY
WE HAVE BETTER GRAMMAR
    $200 23
Abraham Lincoln

Louis
    $200 5
Lance

Kathy
    $200 17
Thames

Bob
    $200 10
Sylvester Stallone

Bob
    $200 1
Helium

Kathy
    $200 24
Adverb

Louis
    $400 12
Santa Fe Trail

Bob
    $400 6
Angela

Bob
    $400 18
Nile

Louis
    $400 11
The Bride of Frankenstein

Louis
    $400 2
Carbon

Kathy
    $400 25
Infinitives

Kathy
    $600 15
New World Symphony

Louis
    $600 7
Noel

Bob
    $600 19
Potomac

Louis
    $600 13
Winona Ryder

Bob
    $600 3
Salt

Bob
    $600 27
Subordinate

Bob
    $800 16
Knights of Columbus

Bob
    $800 8
Iris

Bob
    $800 20
Volga

Louis
    $800 14
Tony Curtis & Janet Leigh

Louis
    $700 4
Iodine

Bob
    $800 29
Subjunctive

Louis
    $2,000 22
Marbury v. Madison

Louis
    $1000 9
Walter

Bob
    $1000 21
Orinoco

Louis
    $1000 28
Juliette Lewis

Bob
    $1000 26
Double bond

Triple Stumper
    $1000 30
Ambiguous

Triple Stumper

Scores at the end of the Double Jeopardy! Round:

Louis Kathy Bob
$11,300 $3,500 $10,900

[wagering suggestions for these scores]

Final Jeopardy! Round responses

AROUND THE WORLD
(Alex: That kind of narrows it down, doesn't it?)
KathyWhat are Portugal & France?
$1,500
BobWhat are Spain & Portugal
$10,899
LouisWhat are (Portug) France & Spain?
$10,501
France & Spain

Final scores:

Louis Kathy Bob
$21,801 $2,000 $1
2-day champion: $32,202 2nd place: Trip to Sheraton Grande Torrey Pines Hotel, La Jolla, California 3rd place: Pair of Festina Megaquartz Watches

Game dynamics:

Coryat scores:

Louis Kathy Bob
$10,300 $3,500 $10,600
22 R
(including 1 DD),
0 W
11 R,
0 W
24 R
(including 2 DDs),
1 W

Combined Coryat: $24,400

[game clues] [game scores] [suggest correction]

Game tape date: Unknown
The J! Archive is created by fans, for fans. Scraping, republication, monetization, and malicious use prohibited; this site may use cookies and collect identifying information. See terms. The Jeopardy! game show and all elements thereof, including but not limited to copyright and trademark thereto, are the property of Jeopardy Productions, Inc. and are protected under law. This website is not affiliated with, sponsored by, or operated by Jeopardy Productions, Inc. Join the discussion at JBoard.tv.